Algunos rasgos más sobresalientes que confluyen hacia la coyuntura imperialista, 1978-1983, en la crisis centroamericana

में बचाया:
ग्रंथसूची विवरण
मुख्य लेखक: García González, Daniel Francisco
स्वरूप: मूलपाठ
प्रकाशित: San José :
टैग: टैग जोड़ें
कोई टैग नहीं, इस रिकॉर्ड को टैग करने वाले पहले व्यक्ति बनें!

MARC

LEADER 00000 a a2200000 04500
001 14766
003
040
090 |a 022300  
100 |a García González, Daniel Francisco  
245 |a Algunos rasgos más sobresalientes que confluyen hacia la coyuntura imperialista, 1978-1983, en la crisis centroamericana  
260 |a San José :  
300 |a 7; 16 p.  
999 |c 14196  |d 14196